| 000 | 01041nam a22003497a 4500 | ||
|---|---|---|---|
| 005 | 20170614114350.0 | ||
| 008 | 170614b xxu||||| |||| 00| 0 spa d | ||
| 020 | _a9977993858 | ||
| 041 | _aspa | ||
| 082 | _a972.862 C845r | ||
| 100 |
_aCoto Monge, Rogelio _943127 |
||
| 245 | _aLas ruinas de la parroquia : un sueno roto | ||
| 260 | _aCosta Rica | ||
| 260 | _bEditorial Cultural Cartaginesa | ||
| 260 | _c1993 | ||
| 300 | _a166 páginas | ||
| 650 |
_aCOSTA RICA _943128 |
||
| 650 |
_aHISTORIA _943 |
||
| 650 |
_aCARTAGO _91052 |
||
| 650 |
_aLA PARROQUIA DEL APÓSTOL SANTIAGO _943129 |
||
| 650 |
_aEL CEMENTERIO DE LOS ANCESTROS _943130 |
||
| 650 |
_aCAÑA DE AZUCAR _943131 |
||
| 650 |
_aTRADICIONES _94421 |
||
| 650 |
_aLEYENDAS _97761 |
||
| 650 |
_aEL PADRE SIN CABEZA _943132 |
||
| 650 |
_aLA APARICIÓN DE LA VIRGEN _943133 |
||
| 650 |
_aPROCESIÓN DE LA PASADA _943134 |
||
| 650 |
_aPÉRDIDA DE LA CAPITAL 1823 _943135 |
||
| 650 |
_aTERREMOTO DE 1841 _943136 |
||
| 650 |
_aTERREMOTO DE 1910 _943137 |
||
| 942 | _cBK | ||
| 999 |
_c9562 _d9562 |
||